| 000 | 00400pab a2200145 454500 | ||
|---|---|---|---|
| 008 | 180718b1998 xxu||||| |||| 00| 0 eng d | ||
| 100 | _aGray, Jeffrey S. | ||
| 245 | _aDivorce-law changes, household bargaining, and married women's labor supply | ||
| 260 | _c1998 | ||
| 300 | _ap.628-42 | ||
| 362 | _aJun | ||
| 650 | _aFamily disorganization | ||
| 773 | _aAmerican Economic Review | ||
| 909 | _a37972 | ||
| 999 |
_c37972 _d37972 |
||